000 00554nam a2200193Ia 4500
005 20250508161642.0
008 008 250505s9999 xx 000 0 eng d
037 _aTextual
040 _aFEDL
_beng
_cFEDL
041 _aeng
_2eng
084 _a630, JAN
_qFEDL
100 _aJanick Jules
_9414278
245 0 _aPlant science : An introduction to world crops
260 _aSan Francisco
_bW H Freeman and Company
_c1969
300 _a629p.
700 _a Schery Robert W
_9771193
942 _cTEXL
_h630, JAN
999 _c1371343
_d1371343